All Wings of Fire Characters - Statistics

General Stats
  • This quiz has been taken 1,812 times
    480 since last reset
  • The average score is 95 of 447
Answer Stats
Hint Answer % Correct
SeaWing Tsunami
91%
MudWing Clay
88%
SandWing-NightWing Sunny
88%
RainWing Glory
85%
NightWing Starflight
82%
IceWing Winter
79%
NightWing Moonwatcher
77%
SeaWing Anemone
76%
SilkWing Blue
75%
SeaWing Coral
75%
NightWing-IceWing Darkstalker
73%
SkyWing Peril
73%
SkyWing Scarlet
73%
SandWing Qibli
72%
SandWing Burn
71%
SandWing Blister
70%
SeaWing Turtle
70%
SandWing Blaze
68%
HiveWing Cricket
66%
RainWing Kinkajou
66%
LeafWing Sundew
66%
SandWing Thorn
66%
NightWing Clearsight
63%
SkyWing Kestrel
62%
SilkWing Luna
62%
SkyWing made by animus magic Ruby
62%
IceWing Icicle
60%
MudWing Sora
60%
NightWing Morrowseer
59%
MudWing Umber
59%
IceWing Glacier
58%
HiveWing Wasp
58%
IceWing Alba
57%
SeaWing Auklet
57%
SandWing Dune
57%
SeaWing Gill
57%
SeaWing Webs
57%
IceWing Snowfall
56%
SeaWing Albatross
53%
SeaWing Fathom
53%
SeaWing Riptide
53%
SkyWing Sky
53%
LeafWing Willow
53%
Human Wren
53%
IceWing Arctic
52%
NightWing Hope
52%
NightWing Deathbringer
51%
RainWing Jambu
50%
Human Rose
50%
NightWing-IceWing Whiteout
50%
IceWing Hailstorm
48%
MudWing Reed
48%
MudWing Moorhen
47%
Human Stone
47%
NightWing Fatespeaker
46%
SeaWing Indigo
46%
SandWing Jerboa
46%
NightWing Battlewinner
45%
SkyWing Flame
45%
SandWing Oasis
45%
SilkWing Swordtail
45%
SeaWing Whirlpool
45%
SandWing Six-Claws
44%
MudWing Marsh
43%
Sloth Silver
43%
SandWing Smolder
43%
RainWing Chameleon
42%
Combination of Multiple Tribes Freedom
41%
IceWing Lynx
41%
Human Ivy
40%
Human Leaf
40%
LeafWing Sequoia
40%
NightWing Stonemover
40%
MudWing Crane
39%
RainWing Magnificent
39%
SeaWing Orca
39%
SeaWing Pearl
39%
SeaWing Shark
39%
RainWing Tamarin
39%
SandWing Viper
39%
HiveWing Bumblebee
38%
IceWing Diamond
38%
RainWing Grandeur
38%
SkyWing Cliff
37%
NightWing Fierceteeth
37%
SeaWing Squid
37%
NightWing Mastermind
36%
Human Pine
36%
LeafWing Belladonna
35%
SandWing Onyx
35%
BeetleWing-NightWing | HiveWing Jewel
34%
NightWing-RainWing Peacemaker
34%
SandWing Cobra
33%
RainWing Fruit Bat
33%
NightWing Mindreader
33%
IceWing Snowfox
33%
SilkWing Io
32%
IceWing Narwhal
32%
IceWing Snowflake
32%
SkyWing made by animus magic Soar
32%
SandWing Vulture
32%
Unknown (Book Character) Ash
31%
RainWing Coconut
31%
RainWing Pineapple
31%
IceWing Tundra
31%
MudWing Cattail
30%
Human Cottonmouth
30%
SeaWing Lagoon
30%
IceWing Mink
30%
RainWing Orchid
30%
SandWing Ostrich
30%
MudWing Pheasant
30%
SkyWing Carnelian
29%
LeafWing Hazel
29%
RainWing Mangrove
29%
SkyWing Tourmaline
29%
RainWing Dazzling
28%
IceWing Fjord
28%
IceWing Hvitur
28%
SandWing made by animus magic Jerboa II
28%
HiveWing Katydid
28%
SeaWing Nautilus
28%
SkyWing Vermilion
28%
NightWing Bigtail
27%
MudWing made by animus magic Bog
27%
SandWing made by animus magic Jerboa III
27%
NightWing Mightyclaws
27%
SeaWing Octopus
27%
NightWing Secretkeeper
27%
MudWing Crocodile
26%
Cat Dragon
26%
SandWing Rattlesnake
26%
MudWing Asha
25%
NightWing-RainWing Firefly
25%
NightWing Strongwings
25%
LeafWing Hawthorn
24%
SandWing Palm
24%
SeaWing Pike
24%
SkyWing Pyrite
24%
SeaWing Abalone
23%
SilkWing Admiral
23%
IceWing made by animus magic Cirrus
23%
IceWing Crystal
23%
Human Daffodil
23%
SkyWing Eagle
23%
NightWing Greatness
23%
SeaWing Moray
23%
MudWing Ochre
23%
IceWing Opal
23%
NightWing Shapeshifter
23%
Octopus Blob
22%
HiveWing Bloodworm
22%
Fox Dinner
22%
LeafWing Hemlock
22%
HiveWing Hornet
22%
NightWing Listener
22%
SkyWing Osprey
22%
HiveWing Scarab
22%
SilkWing Tau
22%
SeaWing Fin
21%
SilkWing Monarch
21%
SandWing Addax
20%
Human Axolotl
20%
RainWing | SandWing Bullfrog
20%
SilkWing Burnet
20%
RainWing Exquisite
20%
LeafWing Mandrake
20%
SilkWing Silverspot
20%
SkyWing Sunset
20%
NightWing Thoughtful
20%
SeaWing Tortoise
20%
HiveWing Cicada
19%
SilkWing Dusky
19%
SandWing Horizon
19%
SeaWing-IceWing Typhoon
19%
NightWing Vengeance
19%
Human Violet
19%
RainWing Anaconda
18%
RainWing Mango
18%
SeaWing Manta
18%
LeafWing Nettle
18%
SandWing Prickle
18%
SeaWing Clearpool
17%
SeaWing Eel
17%
Human Heath
17%
NightWing Quickstrike
17%
Human Raven
17%
SandWing Scorpion
17%
Human Bandit
16%
SandWing Camel
16%
IceWing Changbai
16%
NightWing Farsight
16%
BeetleWing-NightWing Orange
16%
NightWing Preyhunter
16%
SeaWing Reef
16%
SandWing Sirocco
16%
SeaWing Snail
16%
RainWing Splendor
16%
BeetleWing Sunstreak
16%
NightWing Vigilance
16%
IceWing | IceWing x~25 Caribou
15%
LeafWing Cobra Lily
15%
NightWing Fearless
15%
SkyWing Hawk
15%
RainWing Liana
15%
IceWing Penguin
15%
SandWing Sandstorm
15%
HiveWing Yellowjacket
15%
NightWing Allknowing
14%
SandWing Arid
14%
SeaWing Barracuda
14%
SeaWing Cerulean
14%
SilkWing Cinnabar
14%
SandWing Kindle
14%
"A very evil plant." Othermind
14%
SandWing Agave
13%
IceWing Avalanche
13%
RainWing Bromeliad
13%
HiveWing Cadelle
13%
SandWing Char
13%
SeaWing Current
13%
NightWing | Some form of a NightWing-IceWing Eclipse
13%
SilkWing Grayling
13%
MudWing Sepia
13%
SeaWing Tempest
13%
Human Undauntable
13%
HiveWing Malachite
12%
Human Mushroom
12%
SeaWing Ripple
12%
SeaWing Sapphire
12%
SeaWing Snapper
12%
SkyWing Beryl
11%
LeafWing Bryony
11%
IceWing Ermine
11%
IceWing Frostbite
11%
SkyWing Garnet
11%
SeaWing Kelp
11%
SkyWing Peregrine
11%
IceWing Polar Bear
11%
NightWing Quickdeath
11%
Human | Unknown (Book Character) Rowan
11%
SandWing Singe
11%
IceWing | IceWing x~20 Snowstorm
11%
RainWing Tapir
11%
HiveWing Tsetse
11%
RainWing Boto
10%
SkyWing Canyon
10%
SkyWing Carmine
10%
SeaWing Cowrie
10%
RainWing Handsome
10%
SeaWing Humpback
10%
SeaWing Lionfish
10%
HiveWing Mantis
10%
Human Mole
10%
MudWing Newt
10%
RainWing Orangutan
10%
SandWing Pronghorn
10%
SandWing Scald
10%
SeaWing Splash
10%
Some form of a NightWing-IceWing Fierceclaws
9%
SkyWing Firestorm
9%
Human Foxglove
9%
LeafWing Maple
9%
MudWing Mayfly
9%
SilkWing Morpho
9%
NightWing Prudence
9%
SkyWing Thrush
9%
Human Vole
9%
Human Bluebell
8%
HiveWing Bombardier
8%
RainWing Bright
8%
Human Butterfly
8%
SandWing Capybara
8%
Human Daisy
8%
HiveWing Earwig
8%
SeaWing Herring
8%
MudWing Swamp
8%
MudWing Anhinga
7%
HiveWing Aphid
7%
SandWing Armadillo
7%
SilkWing Atala
7%
Human Coyote
7%
SilkWing Danaid
7%
A hero of the Tree Wars Dragonfly
7%
MudWing Egret
7%
SeaWing Flounder
7%
MudWing Gharial
7%
Human Grove
7%
NightWing Jewel-eyes
7%
SandWing Meerkat
7%
NightWing Obsidian
7%
Human Ocelot
7%
SeaWing Piranha
7%
RainWing Python
7%
SandWing Quicksand
7%
RainWing Siamang
7%
NightWing Slaughter
7%
SandWing | Unknown (SilkWing or BeetleWing?) Tawny
7%
HiveWing The Librarian
7%
NightWing-BeetleWing Tortoiseshell
7%
HiveWing Treehopper
7%
Human Trout
7%
NightWing Truthfinder
7%
SeaWing Urchin
7%
HiveWing Vinegaroon
7%
HiveWing Weevil
7%
SeaWing Wharf
7%
NightWing Wisdom
7%
LeafWing Wolfsbane
7%
Human Aster
6%
MudWing Bayou
6%
Human Boar
6%
Human Brook
6%
LeafWing Byblis
6%
Human | SkyWing Cardinal
6%
Human Cranberry
6%
SeaWing Droplet
6%
HiveWing Earthworm
6%
NightWing Foreseer
6%
HiveWing Grasshopper
6%
HiveWing Hawker
6%
RainWing Heliconia
6%
Human Invincible Lord
6%
RainWing Jacaranda
6%
SkyWing Jasper
6%
Human Lark
6%
Unknown (LeafWing?) Magnolia
6%
NightWing Morrowwatcher
6%
IceWing Permafrost
6%
Some form of a NighWing-IceWing Shadowhunter
6%
Sloth Shaggy
6%
Arctic Fox Snowy
6%
SkyWing Tailwind
6%
NightWing Vision
6%
LeafWing Zelkova
6%
Human Arbutus
5%
SilkWing Argus
5%
Human Argyll
5%
Human Azalea
5%
HiveWing Cochineal
5%
NightWing Comet
5%
Human Crow
5%
NightWing Deadlyclaws
5%
Human Forest
5%
SilkWing Fritillary
5%
RainWing Gibbon
5%
SilkWing Glowworm
5%
HiveWing Inchworm
5%
Human Moth
5%
MudWing Olive
5%
SandWing Parch
5%
LeafWing Pokeweed
5%
Human Quartz
5%
SandWing Saguaro
5%
MudWing Sawgrass
5%
SeaWing Scallop
5%
NightWing Swiftwings
5%
Human Thyme
5%
Sloth Toe-Fur
5%
SilkWing Whitespeck
5%
Human Chipmunk
4%
MudWing Copperhead
4%
SilkWing Festoon
4%
SilkWing Glider
4%
Human Gorge
4%
Some IceWing legend Great Ice Dragon
4%
IceWing Ivory
4%
SilkWing Lappet
4%
RainWing Loris
4%
Human Petal
4%
Human Root
4%
Cockatoo Talkatoo
4%
SandWing Torch
4%
MudWing Warthog
4%
SilkWing Xenica
4%
NightWing Bonecruncher
3%
Human Camellia
3%
HiveWing Carabid
3%
SandWing Cereus
3%
HiveWing Chafer
3%
SilkWing Clubtail
3%
BeetleWing-NightWing Commodore
3%
MudWing Coypu
3%
SilkWing Diadem
3%
NightWing Discretion
3%
Unknown (Book Character) Guava
3%
SkyWing Harrier
3%
SilkWing Heliconian
3%
IceWing Igloo
3%
Human Laurel
3%
LeafWing Linden
3%
HiveWing Lubber
3%
HiveWing Midge
3%
MudWing Moccasin
3%
SandWing Needle
3%
SandWing Ocotillo
3%
LeafWing Odollam
3%
SilkWing Pierid
3%
MudWing Possum
3%
HiveWing Rootworm
3%
Human Rover
3%
Human Sage
3%
HiveWing Sandfly
3%
Silkwing Silverwash
3%
Cat Slasher
3%
NightWing Smokeseer
3%
Human Squirrel
3%
Human Tadpole
3%
NightWing Tunesmith
3%
SilkWing Tussock
3%
SilkWing Clorinde
2%
Unknown (Book Character) Juniper
2%
NightWing Mindhealer
2%
HiveWing Pinacate
2%
NightWing Starclaws
2%
MudWing Taupe
2%
SilkWing Temora
2%
NightWing The Prophetess
2%
RainWing Tualang
2%
NightWing Wisemind
2%
No matching quizzes found
Score Distribution
Percent of People with Each Score
Percentile by Number Answered
Your Score History
You have not taken this quiz since the last reset